| 000 -LEADER |
| fixed length control field |
00409pab a2200157 454500 |
| 008 - FIXED-LENGTH DATA ELEMENTS--GENERAL INFORMATION |
| fixed length control field |
180718b xxu||||| |||| 00| 0 eng d |
| 100 ## - MAIN ENTRY--PERSONAL NAME |
| Personal name |
Nayak, Bandana |
| 245 ## - TITLE STATEMENT |
| Title |
Impact of leadership style on organizational effectiveness |
| 300 ## - PHYSICAL DESCRIPTION |
| Extent |
p.90-103. |
| 362 ## - DATES OF PUBLICATION AND/OR SEQUENTIAL DESIGNATION |
| Dates of publication and/or sequential designation |
Feb |
| 650 ## - SUBJECT ADDED ENTRY--TOPICAL TERM |
| Topical term or geographic name entry element |
Leadership |
| 650 ## - SUBJECT ADDED ENTRY--TOPICAL TERM |
| Topical term or geographic name entry element |
Organizations |
| 700 ## - ADDED ENTRY--PERSONAL NAME |
| Personal name |
Mishra, B.B. |
| 773 ## - HOST ITEM ENTRY |
| Main entry heading |
Management and Labour Studies |
| 909 ## - |
| -- |
65556 |